00282nam a2200097Ia 4500008004000000082001500040100002900055245003700084260005200121300001100173210210b1990 xxu||||| |||| 00| 0 eng d a954.8 SARR aSAROJINI DEVI (Konduri). aReligion in vijayanagara empire. aNew Delhi.bSterling Publishers Pvt Ltd.,c1990 axi,336